Maximising the use of biological nitrogen fixation in agriculture : Report
Сохранить в:
| Формат: | |
|---|---|
| Язык: | Undetermined |
| Опубликовано: |
New York
Food and Agriculture Organization
2005
|
| Предметы: | |
| Метки: |
Добавить метку
Нет меток, Требуется 1-ая метка записи!
|
| Thư viện lưu trữ: | Trung tâm Học liệu Trường Đại học Cần Thơ |
|---|
| LEADER | 00549nam a2200193Ia 4500 | ||
|---|---|---|---|
| 001 | CTU_98238 | ||
| 008 | 210402s9999 xx 000 0 und d | ||
| 020 | |c 99.23 | ||
| 082 | |a 631.847 | ||
| 082 | |b M464 | ||
| 245 | 0 | |a Maximising the use of biological nitrogen fixation in agriculture : | |
| 245 | 0 | |b Report | |
| 260 | |a New York | ||
| 260 | |b Food and Agriculture Organization | ||
| 260 | |c 2005 | ||
| 650 | |a Nitrogen in agriculture,Nitrogen | ||
| 650 | |x Fixation | ||
| 904 | |i Truc | ||
| 980 | |a Trung tâm Học liệu Trường Đại học Cần Thơ | ||